Seattle Seahawks Head Coaches by Picture - Statistics

General Stats
  • This quiz has been taken 34 times
    26 since last reset
  • The average score is 5 of 9
Answer Stats
Picture Hint Answer % Correct
2010-2023 Pete Carroll
96%
1999-2008 Mike Holmgren
88%
2024-Present Mike Macdonald
60%
1983-1991 Chuck Knox
56%
1995-1998 Dennis Erickson
56%
2009 Jim L. Mora
44%
1992-1994 Tom Flores
40%
1976-1982 Jack Patera
28%
1982 Mike McCormack
8%
No matching quizzes found
Score Distribution
Percent of People with Each Score
Percentile by Number Answered
Your Score History
You have not taken this quiz since the last reset